German Words for Animals (Oceans) - Statistics

General Stats
  • This quiz has been taken 5 times
  • The average score is 34 of 50
Answer Stats
English Answer % Correct
Eel Aal
100%
Clownfish Clownfisch
100%
Dolphin Delfin
100%
Shark Hai(fisch)
100%
Hammerhead Shark Hammerhai
100%
Herring Hering
100%
Coral Koralle
100%
Crab Krabbe
100%
Pufferfish Kugelfisch
100%
Sea Turtle Meeresschildkröte
100%
Jellyfish Qualle
100%
Sardine Sardine
100%
Swordfish Schwertfisch
100%
Sea Horse Seepferdchen
100%
Starfish Seestern
100%
Octopus/Squid Tintenfisch
100%
Whale Wal
100%
Beluga Whale Belugawal
80%
Flying Fish Fliegender Fisch
80%
Lobster Hummer
80%
Manta Ray Manta
80%
Clam/Mussel Muschel
80%
Sea Lion Seelöwe
80%
Sea Otter Seeotter
80%
Sea Snake Seeschlange
80%
Stingray Stachelrochen
80%
Tuna Thunfisch
80%
Frogfish Anglerfisch/Fühlerfisch
60%
Oyster Auster
60%
Blue Marlin Blauer Marlin
60%
Shrimp Garnele
60%
Cowfish Kuhfisch
60%
Sea Slug Meeresschnecke
60%
Sea Gull Möwe
60%
Parrotfish Papageienfisch
60%
Manatee Seekuh
60%
Hermit Crab Einsiedlerkrebs
40%
Sea Sponge Schwamm
40%
Seal Seehund
40%
Yeti Crab Yeti-Krabbe
40%
Anglerfish Armflosser
20%
Butterflyfish Falterfisch
20%
Mimic Octopus Karnevalstintenfisch/Mimik-Oktopus
20%
Blobfish Klecksfisch
20%
Horseshoe Crab Pfeilschwanzkrebs
20%
Lionfish Rotfeuerfisch
20%
Sea Urchin Seeigel
20%
Vampire Squid Vampirtintenfisch
20%
Viperfish Viperfisch
20%
Fiddler Crab Winkerkrabbe
20%
No matching quizzes found
Score Distribution
Percent of People with Each Score
Percentile by Number Answered
Your Score History
You have not taken this quiz